LIBRARY & INFORMATION CENTRE, KCAET, TAVANUR

ONLINE PUBLIC ACCESS CATALOGUE (OPAC)

Introductory sociology / (Record no. 2067)

MARC details
000 -LEADER
fixed length control field 00535cam a2200205ua 4500
041 ## - LANGUAGE CODE
Language code of text/sound track or separate title eng
082 ## - DEWEY DECIMAL CLASSIFICATION NUMBER
Classification number 301
Item number SUT/IN
100 ## - MAIN ENTRY--AUTHOR NAME
Personal name Sutherland, Robert.L .
245 ## - TITLE STATEMENT
Title Introductory sociology /
250 ## - EDITION STATEMENT
Edition statement 6 /
260 ## - PUBLICATION, DISTRIBUTION, ETC. (IMPRINT)
Place of publication New Delhi :
Name of publisher Oxford & IBH Publishing company ,
Year of publication 1979.
300 ## - PHYSICAL DESCRIPTION
Number of Pages 403 ; .
700 1# - ADDED ENTRY--PERSONAL NAME
Personal name Maxwell, Milton.A .
700 1# - ADDED ENTRY--PERSONAL NAME
Personal name Woodward, Juliai.L .
942 ## - ADDED ENTRY ELEMENTS (KOHA)
Koha item type Books
Holdings
Withdrawn status Lost status Damaged status Home library Current library Date acquired Full call number Accession Number Koha item type
Withdrawn     KAUAET Sanskrit University 02/09/1986 301 15607 Books
free website counter